Los planes de igualdad como obligacin̤ empresarial Anl̀isis de la Ley Orgǹica para la igualdad efectiva de mujeres y hombres /

Bibliographic Details
Main Author: Fabregat Monfort, Gemma
Format: Book
Language:Spanish
Published: Albacete : Editorial Bomarzo, 2009
Series:Bs̀icos de derecho social
Subjects:
Online Access:Acceso restringido

MARC

LEADER 00000nam a22000007a 4500
005 20111028122522.0
008 111028s2009 sp ||||| |||| 00||0 spa d
020 |a 978–84–96721–74–6 
035 |a 5943 
040 |a vLex 
090 |c 2725  |d 2725 
100 1 |a Fabregat Monfort, Gemma 
245 1 0 |a Los planes de igualdad como obligacin̤ empresarial  |h [Recurso electrn̤ico] :  |b Anl̀isis de la Ley Orgǹica para la igualdad efectiva de mujeres y hombres /  |c Gemma Fabregat Monfort  
256 |a Servicio en ln̕ea. 
260 |a Albacete :  |b Editorial Bomarzo,  |c 2009 
300 |a 1 recurso electrn̤ico 
490 0 |a Bs̀icos de derecho social  
506 1 |a Contenido solo disponible en los productos indicados  |d vLex Global  |d vLex Global (Academic Edition, excluding Law Schools)  |d vLex Global (U.S. Academic Edition, Law Schools)  |d vLex Global (U.S. Academic Edition, excluding Law Schools)  |d vLex Global (Academic Edition, Law Schools) 
650 0 4 |a Planes de igualdad  |z Espaą 
740 0 |a vLex Libros (Servicio en ln̕ea) 
856 4 0 |u http://vlex.com/source/planes-igualdad-obligacion-empresarial-analisis-ley-organica-igualdad-efectiva-mujeres-hombres-5943  |z Acceso restringido 
942 |c BOOK